00359pab a2200133 454500008004000000100001700040245006200057260000900119300001400128362001100142650001800153650002000171773003400191180718b2008 xxu||||| |||| 00| 0 eng d aKarnik, Ajit aTransformations, then and now: the appeal of Karl Polanyi c2008 ap.101-09. a29 Nov aPolanyi, Karl aEconomic reform aEconomic and Political Weekly